[Event "Online Olym Div4 D"]
[Site "Chess.com INT"]
[Date "2021.08.22"]
[Round "11.4"]
[White "Bongo Akanga Ndjila, Barthelemy"]
[Black "Nascimento Admilton, De Ceita"]
[Result "1-0"]
[WhiteElo "1803"]
[BlackElo "1742"]
[PlyCount "135"]
[EventDate "2021.08.20"]
[EventType "team (rapid)"]
[EventRounds "11"]
[EventCountry "USA"]
[SourceTitle "CBM 203 Extra"]
[Source "ChessBase"]
[SourceDate "2021.09.30"]
[SourceVersion "1"]
[SourceVersionDate "2021.09.30"]
[SourceQuality "1"]
[WhiteTeam "Gabun"]
[BlackTeam "Sao Tome and Principe"]
[WhiteTeamCountry "GAB"]
[BlackTeamCountry "SAO"]

1. d4 d5 2. c4 e6 3. Nc3 Nf6 4. cxd5 Nxd5 5. e4 Nxc3 6. bxc3 c5 7. Nf3 cxd4 8. cxd4 Bd7 9. Be2 Bb4+ 10. Bd2 Nc6 11. 0-0 0-0 12. Bg5 Be7 13. Be3 g6 14. Qd2 Bf6 15. Rab1 b6 16. Rfc1 Na5 17. e5 Bg7 18. Ng5 Bc6 19. Bf3 Bd5 20. Be2 Qd7 21. f3 Qa4 22. Ne4 Qxa2 23. Rb2 Qa3 24. Nd6 Nb3 25. Qc3 Qa5 26. Rxb3 Bxb3 27. Qxb3 a6 28. Bd3 b5 29. Be4 Rab8 30. f4 b4 31. d5 exd5 32. Bxd5 Qa3 33. Bxf7+ Kh8 34. Rc6 a5 35. Ra6 Qa1+ 36. Kf2 g5 37. g3 gxf4 38. gxf4 Qh1 39. Bd5 Qxh2+ 40. Bg2 Qh4+ 41. Ke2 Qh5+ 42. Bf3 Qh2+ 43. Kd3 Rbd8 44. Rxa5 Qh3 45. Ke4 Rxd6 46. exd6 Re8+ 47. Re5 Bxe5 48. fxe5 Qd7 49. Qxb4 Qc6+ 50. Kd3 Qxf3 51. Qd4 Qd1+ 52. Ke4 Qg4+ 53. Bf4 Qg6+ 54. Kd5 Qe6+ 55. Ke4 Qg6+ 56. Ke3 Qg1+ 57. Kd3 Qd1+ 58. Ke4 Qe2+ 59. Be3 Qg4+ 60. Kd3 Qf5+ 61. Kc4 Qe6+ 62. Kd3 Qf5+ 63. Kd2 Kg8 64. d7 Rd8 65. Qd5+ Kg7 66. Qg2+ Kf7 67. Qd5+ Ke7 68. Bc5# 1-0

[Event "Online Olym Div4 D"]
[Site "Chess.com INT"]
[Date "2021.08.21"]
[Round "5.6"]
[White "Lopez, Jasel"]
[Black "Nascimento Admilton, De Ceita"]
[Result "1-0"]
[WhiteElo "2416"]
[BlackElo "1742"]
[PlyCount "43"]
[EventDate "2021.08.20"]
[EventType "team (rapid)"]
[EventRounds "11"]
[EventCountry "USA"]
[SourceTitle "CBM 203 Extra"]
[Source "ChessBase"]
[SourceDate "2021.09.30"]
[SourceVersion "1"]
[SourceVersionDate "2021.09.30"]
[SourceQuality "1"]
[WhiteTeam "Aruba"]
[BlackTeam "Sao Tome and Principe"]
[WhiteTeamCountry "ARN"]
[BlackTeamCountry "SAO"]

1. d4 e6 2. c4 Nf6 3. Nc3 c6 4. e4 d6 5. Nf3 g6 6. Bg5 Be7 7. e5 dxe5 8. dxe5 Nd5 9. Bxe7 Nxe7 10. Qxd8+ Kxd8 11. 0-0-0+ Ke8 12. Ne4 h6 13. h4 b6 14. h5 g5 15. Nf6+ Kf8 16. Rd8+ Kg7 17. Ne8+ Kh7 18. Bd3+ Nf5 19. Rxc8 Rxe8 20. Rxe8 Kg7 21. Bxf5 exf5 22. Nd4 1-0